01604cam a2200277 a 450000100100000000500170001000800410002703500190006803500190008704000360010605000150014208200140015724500900017126000550026130000370031650400740035350501270042750501390055450500440069350501660073750501320090350501640103565000380119965000390123770000500127600000732420200929154132.0760413m19431947sp ab g b 000 f spa  a(DLC) 45002028 a(OCoLC)2109065 aDO-SdBNPbspacBNHUdOCoLCdDLC00aG161b.S83 annbC691d00aColección de diarios y relaciones para la historia de los viajes y descubrimientos. aMadrid :bInstituto histórico de Marina,c1943-. av. :bil., fold. maps. ;c25 cm. aIncluye referencias bibliográficas al pie y notas de las páginas.0 gv. 1.tCamargo 1539, Rodríguez Cabrillo 1542, Pedro de Valdivia 1552, Antonio de Vea 1675, Iriarte 1675, Quiroga 1745 --0 gv. 2.tPedro de Valdivia 1540-50, Menéndez de Áviles 1565-6, Flores Valdés y Alonso de Sotomayor 1581-3, Bodega y Quadra 1775 --0 gv. 3.tSarmiento de Gamboa (1579-80) --0 gv. 4.tDiego García 1526-27, Pascual de Andagoya 1534, Sancho de Arce 1586, Sebastián Vizcaíno 1602-3, Francisco de Oriega 1631-6, Andrés del Pez 1687 --0 gv. 5.tEsteban Rodríguez, 1564-1565; Miguel López de Legazpi, 1564-1565; Esteban Rodríguez y Rodrigo de Espinosa, 1565 --0 gv. 6.tEsteban José Martínez (1742-1798). Camargo 1539, Rodríguez Cabrillo 1542, Pedro de Valdivia 1552, Antonio de Vea 1675, Iriarte 1675, Quiroga 1745. 0aVoyages and travelsxCollections. 0aDiscoveries in geographyxSpanish.1 aNavarrete, Martín Fernandez de,d1765-1844.